Plane trigonometry / (Record no. 95214)

000 -LEADER
fixed length control field 00696nam a22002297a 4500
005 - DATE AND TIME OF LATEST TRANSACTION
control field 20260407161810.0
008 - FIXED-LENGTH DATA ELEMENTS--GENERAL INFORMATION
fixed length control field 260407b ||||| |||| 00| 0 eng d
020 ## - INTERNATIONAL STANDARD BOOK NUMBER
International Standard Book Number 9798891615090
041 ## - LANGUAGE CODE
Language code of text/sound track or separate title eng
082 00 - DEWEY DECIMAL CLASSIFICATION NUMBER
Edition number 23
Classification number 516.242
100 1# - MAIN ENTRY--PERSONAL NAME
Preferred name for the person Harris, Matthew,
Relator term author.
245 10 - TITLE STATEMENT
Title Plane trigonometry /
Statement of responsibility, etc Matthew Harris.
264 #1 - PUBLICATION, DISTRIBUTION, ETC. (IMPRINT)
Place of publication, distribution, etc Jersey City :
Name of publisher, distributor, etc Alexis Press, LLC ,
Date of publication, distribution, etc 2025.
300 ## - PHYSICAL DESCRIPTION
Extent x, 310 pages :
Other physical details illustrations ;
Dimensions 27 cm
336 ## - CONTENT TYPE
Source rdacontent
Content type term text
Content type code txt
337 ## - MEDIA TYPE
Source rdamedia
Media type term unmediated
Media type code n
338 ## - CARRIER TYPE
Source rdacarrier
Carrier type term volume
Carrier type code nc
504 ## - BIBLIOGRAPHY, ETC. NOTE
Bibliography, etc Includes bibliographical references and index.
650 #0 - SUBJECT ADDED ENTRY--TOPICAL TERM
Topical term or geographic name as entry element Plane trigonometry.
650 #0 - SUBJECT ADDED ENTRY--TOPICAL TERM
Topical term or geographic name as entry element Trigonometry.
942 ## - ADDED ENTRY ELEMENTS
Source of classification or shelving scheme
Item type BOOK
Holdings
Withdrawn status Lost status Source of classification or shelving scheme Damaged status Not for loan Permanent Location Current Location Shelving location Date acquired Source of acquisition Cost, normal purchase price Inventory number Full call number Barcode Date last seen Price effective from Item type
          COLLEGE LIBRARY COLLEGE LIBRARY SUBJECT REFERENCE 2026-02-12 ALBASA 4993.00 55769 516.242 H2427 2025 CITU-CL-55769 2026-04-07 2026-04-07 BOOK